000 00521cam a22001457a 4500
008 180718b1969 xxu||||| |||| 00| 0 eng d
082 _aR83x73 D562
245 _aLabor-management contracts and technical change: case studies and contract clauses
_cby edited by Herbert J. Blitz
260 _aNew York
_bPraeger
_c1969
300 _a348p.
650 _aTechnological innovations - U.S.A.
650 _aCollective bargaining - U.S.A.
700 _aBlitz, Herbert J.
700 _aDiebold Institute for Public Policy Studies
999 _c364024
_d364024